<?xml version="1.0" encoding="UTF-8"?>
<record
    xmlns:xsi="http://www.w3.org/2001/XMLSchema-instance"
    xsi:schemaLocation="http://www.loc.gov/MARC21/slim http://www.loc.gov/standards/marcxml/schema/MARC21slim.xsd"
    xmlns="http://www.loc.gov/MARC21/slim">

  <leader>01221naa a22002171i 4500</leader>
  <controlfield tag="001">5599</controlfield>
  <controlfield tag="003">KOSZ 005</controlfield>
  <controlfield tag="005">20180425103240.0</controlfield>
  <controlfield tag="008">140709s2011    pl     f     |000 0     d</controlfield>
  <datafield tag="040" ind1=" " ind2=" ">
    <subfield code="c">BPK</subfield>
    <subfield code="d">KOSZ 005/ac</subfield>
  </datafield>
  <datafield tag="080" ind1=" " ind2=" ">
    <subfield code="a">664.6</subfield>
  </datafield>
  <datafield tag="100" ind1="1" ind2=" ">
    <subfield code="a">RYDZKOWSKI, Tomasz.</subfield>
    <subfield code="d">1996 -</subfield>
    <subfield code="b">Politechnika Koszali&#x144;ska - Wydzia&#x142; Mechaniczny,</subfield>
    <subfield code="c">Katedra Proces&#xF3;w i Urz&#x105;dze&#x144; Przemys&#x142;u Spo&#x17C;ywczego</subfield>
  </datafield>
  <datafield tag="245" ind1="1" ind2="0">
    <subfield code="a">Analiza technik dzielenia i formowania k&#x119;s&#xF3;w ciasta chlebowego /</subfield>
    <subfield code="c">Aleksandra Raczkowska, Tomasz Rydzkowski.</subfield>
  </datafield>
  <datafield tag="246" ind1="3" ind2="1">
    <subfield code="a">Analysis of techniques used in bread dough dividing and forming</subfield>
  </datafield>
  <datafield tag="500" ind1=" " ind2=" ">
    <subfield code="a">Dane z autopsji.</subfield>
  </datafield>
  <datafield tag="520" ind1=" " ind2=" ">
    <subfield code="a">W pracy przedstawiono produkcj&#x119; pieczywa metod&#x105; r&#x119;czn&#x105;, mechaniczn&#x105; i mieszan&#x105;, zwracaj&#x105;c uwag&#x119; na etapy dzielenia i formowania ciasta. W celu por&#xF3;wnania w&#x142;a&#x15B;ciwo&#x15B;ci ciasta i wypieczonych bochenk&#xF3;w poddano je ocenie organoleptycznej i badaniom fizykochemicznym (pomiary kwasowo&#x15B;ci i temperatury ciasta, oraz pomiary obj&#x119;to&#x15B;ci, wilgotno&#x15B;ci i kwasowo&#x15B;ci miareczkowej gotowego wyrobu).</subfield>
  </datafield>
  <datafield tag="650" ind1=" " ind2="0">
    <subfield code="a">Chleb.</subfield>
  </datafield>
  <datafield tag="650" ind1=" " ind2="0">
    <subfield code="a">Piekarstwo.</subfield>
  </datafield>
  <datafield tag="773" ind1="0" ind2=" ">
    <subfield code="i">W :</subfield>
    <subfield code="t">In&#x17C;ynieria i Aparatura Chemiczna. -</subfield>
    <subfield code="g">2011, R. 50 (42), nr 3, s. 69-70</subfield>
  </datafield>
  <datafield tag="942" ind1=" " ind2=" ">
    <subfield code="c">ART</subfield>
    <subfield code="2">UKD</subfield>
  </datafield>
  <datafield tag="999" ind1=" " ind2=" ">
    <subfield code="c">5599</subfield>
    <subfield code="d">5599</subfield>
  </datafield>
  <datafield tag="952" ind1=" " ind2=" ">
    <subfield code="0">0</subfield>
    <subfield code="1">0</subfield>
    <subfield code="4">0</subfield>
    <subfield code="7">0</subfield>
    <subfield code="a">BPK</subfield>
    <subfield code="b">BPK</subfield>
    <subfield code="o">0615</subfield>
    <subfield code="y">ART</subfield>
  </datafield>
</record>
